| 000 | 01445nam0a22003011 4500 | ||
|---|---|---|---|
| 001 | rc\2774250 | ||
| 005 | 20250810045038.0 | ||
| 035 | _a(NLR Aleph) 006900569 | ||
| 090 |
_a7243116 _c7243116 |
||
| 100 | _a20110915d1941 u y0rusy50 ca | ||
| 101 | 0 | _arus | |
| 102 | _aRU | ||
| 105 | _aa z ||||| | ||
| 200 | 1 |
_aТиповой проект горизонтальной приемной антенны _fСоставители: А. А. Канаревский, инженеры: А. С. Голубчик, Е. П. Журов и др. _gВсес. гос. трест по изысканиям и проектированию всех видов сооружений связи "Связьпроект" |
|
| 210 |
_aМосква _cСвязьиздат _d1941 |
||
| 215 |
_a20 с., 14 вкл. л. черт. _d25 см. |
||
| 300 | _aНа 4-й стр. указаны составители: А. А. Канаревский, инженеры: А. С. Голубчик, Е. П. Журов и др. | ||
| 702 | 1 |
_aГолубчик _bА.С. _4220 |
|
| 702 | 1 |
_aЖуров _bЕ.П. _4220 |
|
| 702 | 1 |
_aКанаревский _bА.А. _gАлексей Антонович _4220 |
|
| 712 | 0 | 2 | _aСвязьпроект, трест (Москва) |
| 801 | 0 |
_aRU _bNLR _gpsbo |
|
| 801 | 1 |
_aRU _bELAR _2rusmarc |
|
| 852 |
_aNLR _jТ94 Г-8/16 |
||
| 942 | _cBOOK | ||
| 945 | _aРоссийская национальная библиотека | ||
| 980 | _aNB | ||
| 980 | _aBV | ||